2016 Cycling Grand Tours - Statistics

General Stats
  • This quiz has been taken 144 times
  • The average score is 10 of 17
Answer Stats
Answer % Correct
Chris Froome
100%
Nairo Quintana
92%
Vincenzo Nibali
89%
Peter Sagan
88%
Romain Bardet
83%
Movistar Team
76%
Adam Yates
68%
Alejandro Valverde
61%
Rafal Majka
55%
Astana
52%
Esteban Chaves
50%
BMC Racing Team
32%
Bob Jungels
30%
Giacomo Nizzolo
21%
Omar Fraile
20%
Mikel Nieve
18%
Fabio Felline
16%
No matching quizzes found
Score Distribution
Percent of People with Each Score
Percentile by Number Answered
Your Score History
You have not taken this quiz